00297nam a2200121Ia 4500008004100000041000900041082001800050100002100068245002500089260004600114300000700160650000800167230718s9999 xx 000 0 und d aEng. a340.09bCHO-P aChoudhary, Akram 0aPakistan law Journal aPakistanbSupreme Court of Pakistanc2016 a96 aLaw